Наплавление проволокой как синтез сварки и аддитивной технологии; Научная инициатива иностранных студентов и аспирантов

Библиографические подробности
Источник:Научная инициатива иностранных студентов и аспирантов.— 2022.— [С. 661-666]
Автор-организация: Национальный исследовательский Томский политехнический университет Инженерная школа новых производственных технологий Отделение машиностроения
Другие авторы: Шэ Лу (научный руководитель), Чжан Цинжун, Ци Мэнсюй, Козлов В. Н. Виктор Николаевич
Примечания:Заглавие с экрана
Язык:русский
Опубликовано: 2022
Серии:Актуальные проблемы инженерных наук
Предметы:
Online-ссылка:http://earchive.tpu.ru/handle/11683/73110
Формат: MixedMaterials Электронный ресурс Статья
Запись в KOHA:https://koha.lib.tpu.ru/cgi-bin/koha/opac-detail.pl?biblionumber=634807

MARC

LEADER 00000naa2a2200000 4500
001 634807
005 20240223122822.0
035 |a (RuTPU)RU\TPU\conf\36625 
035 |a RU\TPU\conf\36618 
090 |a 634807 
100 |a 20220915d2022 k y0rusy50 ca 
101 0 |a rus 
102 |a RU 
105 |a y z 101zy 
135 |a drcn ---uucaa 
181 0 |a i  
182 0 |a b 
200 1 |a Наплавление проволокой как синтез сварки и аддитивной технологии  |f Шэ Лу, Чжан Цинжун, Ци Мэнсюй, В. Н. Козлов  |g науч. рук. В. Н. Козлов 
203 |a Текст  |c электронный 
225 1 |a Актуальные проблемы инженерных наук 
300 |a Заглавие с экрана 
320 |a [Библиогр.: с. 666 (4 назв.)] 
463 0 |0 (RuTPU)RU\TPU\conf\36575  |t Научная инициатива иностранных студентов и аспирантов  |o сборник докладов II Международной научно-практической конференции, Томск, 26-28 апреля 2022 г.  |f Национальный исследовательский Томский политехнический университет. Школа базовой инженерной подготовки  |v [С. 661-666]  |d 2022 
610 1 |a электронный ресурс 
610 1 |a труды учёных ТПУ 
610 1 |a наплавление 
610 1 |a сварка 
610 1 |a аддитивные технологии 
610 1 |a металлические проволоки 
610 1 |a фрезерование 
610 1 |a титановые сплавы 
701 0 |a Шэ Лу 
701 0 |a Чжан Цинжун 
701 0 |a Ци Мэнсюй 
701 1 |a Козлов  |b В. Н.  |c специалист в области машиностроения  |c доцент Томского политехнического университета, кандидат технических наук  |f 1958-  |g Виктор Николаевич  |3 (RuTPU)RU\TPU\pers\29308  |9 13895 
702 1 |a Козлов  |b В. Н.  |c специалист в области машиностроения  |c доцент Томского политехнического университета, кандидат технических наук  |f 1958-  |g Виктор Николаевич  |4 727 
712 0 2 |a Национальный исследовательский Томский политехнический университет  |b Инженерная школа новых производственных технологий  |b Отделение машиностроения  |3 (RuTPU)RU\TPU\col\27843 
801 2 |a RU  |b 63413507  |c 20221011  |g RCR 
856 4 |u http://earchive.tpu.ru/handle/11683/73110 
942 |c BK